Bài tập hình học lớp 12

שמור ב:
מידע ביבליוגרפי
מחבר ראשי: Lê Khắc Bảo
פורמט: ספר
שפה:Undetermined
יצא לאור: Hà Nội Giáo dục 1997
נושאים:
תגים: הוספת תג
אין תגיות, היה/י הראשונ/ה לתייג את הרשומה!
Thư viện lưu trữ: Trung tâm Học liệu Trường Đại học Cần Thơ
LEADER 00628nam a2200193Ia 4500
001 CTU_21981
008 210402s9999 xx 000 0 und d
020 |b 4.900đ 
082 |a 516.0076 
082 |b B108/L12 
100 |a Lê Khắc Bảo 
245 0 |a Bài tập hình học lớp 12 
245 0 |c Lê Khắc Bảo, Nguyễn Mộng Hy, Trần Đức Huyền 
260 |a Hà Nội 
260 |b Giáo dục 
260 |c 1997 
650 |a geometry - problems, exercises ( secondary ) 
904 |i Nguyễn Quang Điền, 980225 
980 |a Trung tâm Học liệu Trường Đại học Cần Thơ